Départements Français - Carte Quiz - Statistiques

Statistiques générales
  • Ce quiz a été pris 109 046 fois
  • Le résultat moyen est 40 sur 101
Réponses sur la Carte
Les réponses sont colorées sur une échelle allant du rouge au vert en fonction du pourcentage des utilisateurs qui les ont devinées à leur premier essai. Vous pouvez retrouver ces pourcentages ci-dessous.
 
Statistiques - réponses
Réponse % Correct
Paris
74%
Corse-du-Sud
58%
Finistère
58%
Pas-de-Calais
58%
Nord
57%
Haute-Corse
55%
Seine-Saint-Denis
53%
Guyane
52%
Pyrénées-Atlantiques
51%
Alpes-Maritimes
50%
Gironde
50%
Morbihan
50%
Manche
49%
Yvelines
49%
Bouches-du-Rhône
48%
Calvados
48%
Charente-Maritime
48%
Guadeloupe
48%
La Réunion
48%
Pyrénées-Orientales
48%
Alpes-de-Haute-Provence
47%
Côtes-d'Armor
47%
Haut-Rhin
47%
Landes
47%
Loire-Atlantique
47%
Oise
47%
Vendée
47%
Bas-Rhin
46%
Ille-et-Vilaine
46%
Rhône (et métropole de Lyon)
46%
Savoie
46%
Charente
45%
Mayotte
45%
Seine-et-Marne
45%
Seine-Maritime
45%
Somme
45%
Essonne
44%
Hérault
44%
Territoire de Belfort
44%
Val-d'Oise
44%
Haute-Savoie
43%
Hauts-de-Seine
43%
Aisne
42%
Var
42%
Martinique
41%
Ain
40%
Val-de-Marne
40%
Ardennes
39%
Gard
39%
Hautes-Alpes
39%
Hautes-Pyrénées
39%
Jura
39%
Dordogne
38%
Deux-Sèvres
37%
Eure
37%
Isère
37%
Meurthe-et-Moselle
37%
Moselle
37%
Vaucluse
37%
Ardèche
36%
Eure-et-Loir
36%
Mayenne
36%
Cantal
35%
Côte-d'Or
35%
Puy-de-Dôme
35%
Aveyron
34%
Drôme
34%
Haute-Garonne
34%
Orne
34%
Sarthe
34%
Vosges
34%
Loire
33%
Loiret
33%
Maine-et-Loire
33%
Allier
32%
Ariège
32%
Aude
32%
Corrèze
32%
Creuse
32%
Doubs
32%
Meuse
32%
Haute-Vienne
31%
Indre-et-Loire
31%
Marne
31%
Vienne
31%
Cher
30%
Gers
30%
Haute-Loire
29%
Loir-et-Cher
29%
Lozère
29%
Tarn
29%
Yonne
29%
Indre
28%
Lot-et-Garonne
28%
Nièvre
28%
Saône-et-Loire
28%
Haute-Marne
27%
Lot
27%
Aube
26%
Tarn-et-Garonne
25%
Haute-Saône
24%
Aucun quiz correspondant
Distribution des résultats
% des personnes avec chaque résultat
Percentile par nombre de réponses
Votre historique - résultats
Vous n’avez pas pris ce quiz